The widow of Zarephath: (Record no. 3013)

000 -LEADER
fixed length control field 00660nam a2200193 a 4500
001 - CONTROL NUMBER
control field :::00000742$&:&@@
003 - CONTROL NUMBER IDENTIFIER
control field OkBaRHE
005 - DATE AND TIME OF LATEST TRANSACTION
control field 20000607103239.0
008 - FIXED-LENGTH DATA ELEMENTS--GENERAL INFORMATION
fixed length control field s1954 j 000 0 eng u
040 ## - CATALOGING SOURCE
Transcribing agency
100 1# - MAIN ENTRY--PERSONAL NAME
Personal name Wolfram, Gertrude Metlen.
9 (RLIN) 91
245 14 - TITLE STATEMENT
Title The widow of Zarephath:
Remainder of title a church in the making.
260 ## - PUBLICATION, DISTRIBUTION, ETC. (IMPRINT)
Place of publication, distribution, etc Zarephath, NJ., :
Name of publisher, distributor, etc Pillar of Fire
Date of publication, distribution, etc c1954
300 ## - PHYSICAL DESCRIPTION
Extent 244 p. : illus. ;
Dimensions 23 cm.
600 ## - SUBJECT ADDED ENTRY--PERSONAL NAME
Personal name White, Alma.
9 (RLIN) 92
650 ## - SUBJECT ADDED ENTRY--TOPICAL TERM
Topical term or geographic name as entry element Pillar of Fire Church
General subdivision History.
9 (RLIN) 93
942 ## - ADDED ENTRY ELEMENTS (KOHA)
Source of classification or shelving scheme
Koha item type Books
Copies
Withdrawn status Shelving location Total Checkouts Barcode Full call number Lost status Koha item type Copy number Date acquired Date checked out Date last seen Not for loan Price effective from Source of classification or shelving scheme Current Location Damaged status Permanent Location
 General Stacks1742BX 8795 .P5 W74 Books12010-04-142011-11-302011-12-07 2010-04-14 RHEMA Bible Training College RHEMA Bible Training College